|
|
|
|
| LEADER |
00000nam0a2200000 4500 |
| 001 |
142121 |
| 005 |
20231101220941.0 |
| 010 |
|
|
|a 5247009169
|
| 035 |
|
|
|a (RuTPU)RU\TPU\book\154027
|
| 090 |
|
|
|a 142121
|
| 100 |
|
|
|a 20080902d1990 km y0rusy50 ca
|
| 101 |
0 |
|
|a rus
|
| 102 |
|
|
|a RU
|
| 105 |
|
|
|a a g 001zy
|
| 200 |
1 |
|
|a Автоматизированные шлюзовые устройства в шахтах
|e справочное пособие
|f М. А. Патрушев, В. Н. Ус, Н. П. Егоркин
|
| 210 |
|
|
|a Москва
|c Недра
|d 1990
|
| 215 |
|
|
|a 269 с.
|c ил.
|
| 225 |
1 |
|
|a Справочное пособие
|
| 320 |
|
|
|a Библиогр.: с. 265
|
| 320 |
|
|
|a Предм. указ.: с. 266-267
|
| 606 |
1 |
|
|a Шлюзы
|x (горное дело)
|2 stltpush
|3 (RuTPU)RU\TPU\subj\19382
|9 44632
|
| 610 |
1 |
|
|a автоматизированные устройства
|
| 610 |
1 |
|
|a шахты
|
| 610 |
1 |
|
|a справочные пособия
|
| 610 |
1 |
|
|a воздухораспределение
|
| 610 |
1 |
|
|a вентиляционные блоки
|
| 610 |
1 |
|
|a электрическая аппаратура
|
| 610 |
1 |
|
|a монтаж
|
| 610 |
1 |
|
|a наладка
|
| 610 |
1 |
|
|a техническое обслуживание
|
| 610 |
1 |
|
|a ремонт
|
| 610 |
1 |
|
|a демонтаж
|
| 610 |
1 |
|
|a эксплуатация
|
| 675 |
|
|
|a 622.45(035)
|v 4
|
| 700 |
|
1 |
|a Патрушев
|b М. А.
|g Михаил Алексеевич
|
| 701 |
|
1 |
|a Ус
|b В. Н.
|g Владимир Николаевич
|
| 701 |
|
1 |
|a Егоркин
|b Н. П.
|g Николай Петрович
|
| 801 |
|
1 |
|a RU
|b 63413507
|c 20080902
|g PSBO
|
| 801 |
|
2 |
|a RU
|b 63413507
|c 20181115
|g PSBO
|
| 942 |
|
|
|c BK
|